Catálogo - Centro de Recursos para el Aprendizaje y la Investigación
Volver al Sitio - CRAI Biblioteca| 000 -CABECERA | |
|---|---|
| campo de control de longitud fija | 01744nam a2200253 4500 |
| 001 - NÚMERO DE CONTROL | |
| campo de control | 113694 |
| 003 - IDENTIFICADOR DEL NÚMERO DE CONTROL | |
| campo de control | DR-UNIBE |
| 005 - FECHA Y HORA DE LA ÚLTIMA TRANSACCIÓN | |
| campo de control | 20251017144701.0 |
| 008 - DATOS DE LONGITUD FIJA--INFORMACIÓN GENERAL | |
| campo de control de longitud fija | 250527b2006 dr ||||| |||| 00| 0 spa d |
| 040 ## - FUENTE DE LA CATALOGACIÓN | |
| Centro catalogador/agencia de origen | BIBLIOTECA UNIBE |
| Centro/agencia transcriptor | BIBLIOTECA UNIBE |
| Lengua de catalogación | spa |
| Normas de descripción | rda |
| 041 ## - CÓDIGO DE LENGUA | |
| Código de lengua del texto/banda sonora o título independiente | spa |
| 082 ## - NÚMERO DE LA CLASIFICACIÓN DECIMAL DEWEY | |
| Número de edición | 22 |
| Número de clasificación | RD 346.015 N789in 2006 |
| 100 #0 - ENTRADA PRINCIPAL--NOMBRE DE PERSONA | |
| Nombre de persona | Nolasco, Daniel |
| Forma completa/desarrollada del nombre | (Nolasco Olivo, Daniel Julio) |
| Término indicativo de función/relación | autor |
| 9 (RLIN) | 107378 |
| 245 10 - MENCIÓN DE TÍTULO | |
| Título | Instituciones de derecho de familia / |
| Mención de responsabilidad, etc. | Daniel Nolasco : presentación: Santo Inocencio Mercedes ; prólogo: Francisco Antonio Pérez Lora ; comentarios: Trajano Vidal Potentini Adames |
| 260 ## - PUBLICACIÓN, DISTRIBUCIÓN, ETC. | |
| Lugar de publicación, distribución, etc. | Santo Domingo : |
| Nombre del editor, distribuidor, etc. | Librería Jurídica Virtual y Ediciones Jurídicas Trajano Potentini , |
| Fecha de publicación, distribución, etc. | 2006 |
| 300 ## - DESCRIPCIÓN FÍSICA | |
| Extensión | xxxi, 396 páginas ; |
| Dimensiones | 20 x 13 cm |
| 500 ## - NOTA GENERAL | |
| Nota general | Información sobre el autor en las solapas, comentario de la obra en la contraportada, Biblioteca tiene Tomo II |
| 505 ## - NOTA DE CONTENIDO CON FORMATO | |
| Nota de contenido con formato | Índice general |<br/>Dedicatoria |<br/>Presentación |<br/>Prólogo |<br/>Introducción .<br/>Tomo II.<br/>Capítulo 10. La separación de cuerpos como remedio del conflicto conyugal |<br/>Capítulo 11. La filiación como institución parental |<br/>Capítulo 12. La legitimación como matrimonialización filiatoria |<br/>Capítulo 13. El menor como sujeto de derecho |<br/>Capítulo 14. La adopción como institución protectora del menor |<br/>Capítulo 15. La patria potestad como responsabilidad parental |<br/>Apéndices |<br/>Bibiografía <br/><br/> |
| 650 #7 - PUNTO DE ACCESO ADICIONAL DE MATERIA--TÉRMINO DE MATERIA | |
| Fuente del encabezamiento o término | lemb |
| Término de materia o nombre geográfico como elemento de entrada | Derecho de familia |
| Subdivisión general | Aspectos jurídicos |
| 9 (RLIN) | 200084 |
| 700 10 - PUNTO DE ACCESO ADICIONAL--NOMBRE DE PERSONA | |
| Nombre de persona | Mercedes, Santo Inocencio |
| Forma completa/desarrollada del nombre | (Mercedes Bastardo, Santo Inocencio) |
| 9 (RLIN) | 195999 |
| Término indicativo de función/relación | presentador |
| 700 10 - PUNTO DE ACCESO ADICIONAL--NOMBRE DE PERSONA | |
| Nombre de persona | Pérez Lora, Francisco Antonio |
| 9 (RLIN) | 134544 |
| Término indicativo de función/relación | prologuista |
| 700 10 - PUNTO DE ACCESO ADICIONAL--NOMBRE DE PERSONA | |
| Nombre de persona | Potentini Adames, Trajano Vidal, |
| Fechas asociadas al nombre | 1968- |
| 9 (RLIN) | 195336 |
| Término indicativo de función/relación | comentarista |
| 942 ## - ELEMENTOS DE PUNTO DE ACCESO ADICIONAL (KOHA) | |
| Fuente del sistema de clasificación o colocación | Sistema de Clasificación Decimal Dewey |
| Tipo de ítem Koha | Libro (general) |
| Estado de retiro | Estado de pérdida | Fuente del sistema de clasificación o colocación | No para préstamo | Código de colección | Localización permanente | Fecha de adquisición | Total de préstamos | Signatura topográfica completa | Código de barras | Fecha visto por última vez | Número de copia | Precio válido a partir de | Tipo de ítem Koha |
|---|---|---|---|---|---|---|---|---|---|---|---|---|---|
| Disponible | Sistema de Clasificación Decimal Dewey | General - Libros dominicanos | Biblioteca Central UNIBE | 08/04/2025 | RD 346.015 N789in 2006 | 250620 | 27/05/2025 | T.2, Ej.1 | 27/05/2025 | Libro (general) |